Trainer die als Spieler erfolgreicher waren - Statistiken

Allgemein
  • Dieses Quiz wurde 42 mal gespielt
    2 seit der letzten Aktualisierung
  • Das Durchschnittsergebnis liegt bei 14 aus 31
Antwortstatistiken
relevante Stationen als Trainer Trainer % Korrekt
Como Cesc Fàbregas
100%
Mailand, Napoli, Florenz, Marseille, Italien Gennaro Gattuso
100%
Eindhoven, Wolfsburg, Antwerpen Mark van Bommel
100%
Arsenal Mikel Arteta
100%
Dortmund, Basaksehir Nuri Sahin
100%
Burnley, Bayern München Vincent Kompany
100%
Leverkusen, Real Madrid Xabi Alonso
100%
Barcelona Xavi
100%
Juventus Andrea Pirlo
50%
Ukraine, Genua Andriy Shevchenko
50%
Inter Mailand Cristian Chivu
50%
Zagreb, Usbekistan Fabio Cannavaro
50%
Flamengo Filipe Luis
50%
Besiktas, Manchester United Ole Gunnar Solskjær
50%
Nizza, Crystal Palace, Genua, Strasbourg Patrick Vieira
50%
Feyenoord Rotterdam Robin van Persie
50%
Wales, Manchester United Ryan Giggs
50%
Bologna, Juventus Thiago Motta
50%
Monaco Thierry Henry
50%
Real Madrid Zinedine Zidane
50%
Real Madrid Álvaro Arbeloa
0%
Mailand, Kamerun Clarence Seedorf
0%
Roma, Genua Daniele de Rossi
0%
Lyon, Sassuolo Fabio Grosso
0%
Valencia Gary Neville
0%
Juventus, Lazio Rom, Marseille, Tottenham Igor Tudor
0%
Middlesbrough, Manchester United Michael Carrick
0%
Nürnberg Miroslav Klose
0%
Sunderland, Ipswich Roy Keane
0%
Leicester, Manchester United, Eindhoven Ruud van Nistelrooy
0%
Derby, Birmingham, Plymouth Wayne Rooney
0%
Keine übereinstimmenden Quizze gefunden
Verteilung der Resultate
Anzahl Personen mit jedem Resultat
Perzentil nach korrekt beantworteten Fragen
Ihre Resultats-Entwicklung
Sie haben dieses Quiz seit der letzten Aktualisierung nicht gespielt